|
|
|
|
| LEADER |
00000nam0a2200000 4500 |
| 001 |
230062 |
| 005 |
20231101231000.0 |
| 035 |
|
|
|a (RuTPU)RU\TPU\book\250766
|
| 090 |
|
|
|a 230062
|
| 100 |
|
|
|a 20130117d1940 k y0rusy50 ca
|
| 101 |
0 |
|
|a rus
|a eng
|
| 102 |
|
|
|a RU
|
| 105 |
|
|
|a a z 001zy
|
| 200 |
1 |
|
|a Алапаевская интрузия ультраосновных пород на Урале и ее месторождения хромистого железняка
|f П. М. Татаринов
|g СССР Комитет по делам геологии ; Центральный научно-исследовательский геологоразведочный институт (ЦНИГРИ)
|
| 210 |
|
|
|a Москва
|a Ленинград
|c Госгеолиздат
|d 1940
|
| 215 |
|
|
|a 140 с.
|c ил.
|
| 225 |
1 |
|
|a Труды Центрального научно-исследовательского геолого-разведочного института (ЦНИГРИ)
|v Вып. 120
|
| 300 |
|
|
|a Резюме на англ. яз.
|
| 317 |
|
|
|5 63413507: КР-82
|a Поступила в НТБ в 2004 г. в составе книжного собрания профессора ТПИ К. В. Радугина
|
| 320 |
|
|
|a Библиогр.: с. 133
|
| 606 |
1 |
|
|a Хромитовые месторождения
|2 stltpush
|3 (RuTPU)RU\TPU\subj\17651
|9 43233
|
| 610 |
1 |
|
|a рудные месторождения
|
| 610 |
1 |
|
|a рудные минералы
|
| 610 |
1 |
|
|a рудные полезные ископаемые
|
| 610 |
1 |
|
|a ультраосновные породы
|
| 610 |
1 |
|
|a Урал
|
| 610 |
1 |
|
|a ультраосновные интрузии
|
| 610 |
1 |
|
|a включения
|
| 610 |
1 |
|
|a жильные породы
|
| 610 |
1 |
|
|a минералогия
|
| 610 |
1 |
|
|a тектоника
|
| 610 |
1 |
|
|a библиотека К. В. Радугина
|
| 675 |
|
|
|a 553.461
|v 3
|
| 700 |
|
1 |
|a Татаринов
|b П. М.
|
| 712 |
0 |
2 |
|a СССР Комитет по делам геологии
|2 stltpush
|3 (RuTPU)RU\TPU\col\18488
|
| 712 |
0 |
2 |
|a Центральный научно-исследовательский геологоразведочный институт (ЦНИГРИ)
|c (Ленинград)
|c (1931-1939)
|2 stltpush
|3 (RuTPU)RU\TPU\col\18472
|
| 801 |
|
1 |
|a RU
|b 63413507
|c 20130117
|
| 801 |
|
2 |
|a RU
|b 63413507
|c 20200824
|g RCR
|
| 942 |
|
|
|c BK
|